Kalahari hunter-gatherers : studies of the ! Kung San and their neighbors

Saved in:
Bibliographic Details
Other Authors: Lee, Richard (Editor), DeVore, Irven (Editor)
Format: Book
Language:English
Published: Cambridge : Harvard University Press, 1976
Subjects:
Tags: Add Tag
No Tags, Be the first to tag this record!

MARC

LEADER 00000nam a2200000 i 4500
001 1/77451
008 970127s1976 eng d
020 |a 0-674-49985-9 
035 |l 10004290 
040 |a GR-MY-UA  |b gre  |e aacr 
041 0 |a eng 
082 0 |a 306.096811 
245 1 0 |a Kalahari hunter-gatherers :  |b studies of the ! Kung San and their neighbors /  |c Edited by Richard B. Lee and Irven DeVore 
260 |a Cambridge :   |b Harvard University Press,   |c 1976 
300 |a 408 p. 
504 |a Includes index 
650 0 0 |a San (African people) 
650 0 0 |a Kung (African people) 
650 0 0 |a Ethnology  |z Africa, Southern. 
650 0 0 |a Hunting and gathering societies. 
700 1 |a Lee, Richard.  |4 edt 
700 1 |a DeVore, Irven.  |4 edt 
852 |a INST  |b LESVOS  |e 19970127  |h 306.096811 KAL  |p 005100012132  |q 005100012132  |t BK  |y 0 
909 |a Λ  |b 005338